000 00463nam a2200169Ia 4500
008 240729s9999 xx 000 0 und d
022 _a0718-1876
245 0 _aJournal of Theoretical and Applied Electronic Commerce Research
260 _aSwitzerland
260 _bMDPI AG
650 _a Business
650 _a Commerce
650 _aSocial Sciences
856 _uhttps://doaj.org/toc/ee72d5f7d05d4590b46d9588c6086838
942 _2ddc
942 _cDOAJEJ
999 _c70430
_d70430
945 _a1
_bMadushi Gamage
_c1
_dMadushi Gamage